Medicina y colegiación en Palencia durante los siglos XIX y XX / (Record no. 14529)

MARC details
000 -LEADER
campo de control de longitud fija 00782nam a2200217 i 4500
001 - NÚMERO DE CONTROL
campo de control 14529
003 - IDENTIFICADOR DE NÚMERO DE CONTROL
campo de control ES-MaACL
005 - FECHA Y HORA DE LA ÚLTIMA TRANSACCIÓN
campo de control 20250823063029.0
007 - CAMPO FIJO DE DESCRIPCIÓN FÍSICA--INFORMACIÓN GENERAL
campo de control de longitud fija t|
008 - DATOS DE LONGITUD FIJA--INFORMACIÓN GENERAL
campo de control de longitud fija 981119s1998 sp ||||0| spa j
040 ## - FUENTE DE CATALOGACIÓN
Centro catalogador/agencia de origen M-BN
Lengua de catalogación spa
Centro/agencia transcriptor M-BN
080 ## - NÚMERO DE LA CLASIFICACIÓN DECIMAL UNIVERSAL
Número de la Clasificación Decimal Universal 61:061.231(460.183 P.)(091)
100 0# - ENTRADA PRINCIPAL--NOMBRE DE PERSONA
Nombre de persona Sánchez, José Luis,
Fechas asociadas al nombre 1962-
9 (RLIN) 102386
245 10 - MENCIÓN DEL TÍTULO
Título Medicina y colegiación en Palencia durante los siglos XIX y XX /
Mención de responsabilidad, etc. José Luis Sánchez García.
250 ## - MENCION DE EDICION
Mención de edición Ed. conmemorativa en el Centenario del Colegio Oficial de Médicos de Palencia.
260 ## - PUBLICACIÓN, DISTRIBUCIÓN, ETC.
Lugar de publicación, distribución, etc. [León] :
Nombre del editor, distribuidor, etc. MIC,
Fecha de publicación, distribución, etc. [1998]
300 ## - DESCRIPCIÓN FÍSICA
Extensión 283 p. :
Otras características físicas il. col y n. ;
Dimensiones 30 cm.
610 27 - PUNTO DE ACCESO ADICIONAL DE MATERIA--NOMBRE DE ENTIDAD CORPORATIVA
Nombre de entidad corporativa o nombre de jurisdicción como elemento de entrada Colegio Oficial de Médicos de Palencia-
Subdivisión de forma Historia.
9 (RLIN) 2976
852 ## - LOCALIZACIÓN
Ubicación ES-MaACL
Número de control de estantería L-21794
Sublocalización o colección R.127036
Holdings
Estatus retirado Estado de pérdida Estado de daño No para préstamo Biblioteca de origen Biblioteca actual Ubicación en estantería Fecha de adquisición Fuente de adquisición Total de préstamos Signatura topográfica completa Código de barras Visto por última vez Precio de reemplazo Tipo de ítem Koha
        Biblioteca del Ateneo de Madrid Biblioteca del Ateneo de Madrid Depósito 2 17/01/2008     L-21794 1014777 23/02/2023 23/02/2023 Libro impreso